[Event "Vendrell op"]
[Site "?"]
[Date "1996.??.??"]
[Round "?"]
[White "Timoscenko, Gennadij"]
[Black "Estremera Panos, Sergio"]
[WhiteElo "2530"]
[BlackElo "2385"]
[Result "0-1"]

1. d4 Nf6 2. c4 e6 3. Nf3 b6 4. a3 Ba6 5. Qc2 Bb7 6. Nc3 c5 7. e4 cxd4 8. Nxd4 Nc6 9. Nxc6 Bxc6 10. Bf4 Bc5 11. Be2 O-O 12. O-O Nh5 13. Bxh5 Qh4 14. Bxf7+ Rxf7 15. Bg3 Qg5 16. Rad1 a5 17. Bd6 Bxd6 18. Rxd6 Raf8 19. Qd1 Qf4 20. Qd2 Qg4 21. Qd4 Rf6 22. Qxb6 Rg6 23. g3 Qh3 24. Rd2 Rf3 25. Qd8+ Rf8 26. Qxa5 Rf3 27. Qd8+ Rf8 28. Qb6 Rf3 29. Qd8+ Rf8 30. Qb6 Rf3 31. Re1 Rh6 32. Re3 Qxh2+ 33. Kf1 Qh1+ 34. Ke2 Rxf2+ 35. Kd3 Qf1+ 36. Rde2 Rhf6 37. Kd2 h6 38. Rxf2 Rxf2+ 39. Ne2 Qb1 40. Qd4 Rf1 41. Kc3 Rd1 42. Rd3 Rf1 43. Re3 Rd1 44. Rd3 Rf1 45. Qe3 Qe1+ 46. Qd2 Qb1 47. e5 Ba4 48. Nd4 Rc1+ 49. Kb4 Rd1 50. Kxa4 Rxd2 51. Rxd2 Qc1 52. Nf3 Qxc4+ 53. b4 Qc6+ 54. b5 Qxf3 55. Rxd7 Qc3 56. Rd8+ Kh7 57. b6 Qc5 58. Rd6 Qxe5 59. Rc6 Qd5 60. Rc7 e5 61. b7 Qd8 62. Rc6 Qb8 63. Rb6 e4 64. Kb5 e3 65. Ka6 e2 66. Re6 Qxg3 67. Rxe2 Qxa3+ 68. Kb6 Qb4+ 69. Ka7 

0-1

[Event "Cordoba op"]
[Site "?"]
[Date "1991.??.??"]
[Round "?"]
[White "Yakovich, Yuri"]
[Black "Estremera Panos, Sergio"]
[WhiteElo "2530"]
[BlackElo "2300"]
[Result "0-1"]

1. e4 e5 2. Nf3 Nc6 3. d4 exd4 4. Nxd4 Nf6 5. Nxc6 bxc6 6. e5 Qe7 7. Qe2 Nd5 8. c4 Ba6 9. b3 Qh4 10. a3 Bc5 11. Bb2 Nf4 12. Qc2 Ne6 13. g3 Qe7 14. Nd2 O-O 15. b4 Bd4 16. Bxd4 Nxd4 17. Qe4 c5 18. Bd3 g6 19. b5 Bb7 20. Qxb7 Nc2+ 21. Bxc2 Qxe5+ 22. Be4 Qxa1+ 23. Ke2 Qxa3 24. Rd1 Rae8 25. Kf1 d5 26. Qxd5 Rd8 27. Qg5 Rd4 28. Re1 Qc3 29. Re2 Re8 30. Kg2 Kg7 31. Qf4 Re7 32. Nf3 Rxc4 33. Ne1 Rb4 34. Qh4 Qf6 35. Qh3 c4 36. g4 c3 37. Nf3 c2 38. g5 Qxf3+ 

0-1

[Event "Open Gibtele. com"]
[Site "?"]
[Date "2005.01.30"]
[Round "?"]
[White "Hebden, Mark L"]
[Black "Estremera Panos, Sergio"]
[WhiteElo "2521"]
[BlackElo "2384"]
[Result "0-1"]

1. d4 Nf6 2. Nf3 e6 3. c3 c5 4. Bg5 cxd4 5. cxd4 Qb6 6. Bxf6 gxf6 7. Qd2 d5 8. Nc3 Nc6 9. e3 Bd7 10. Bd3 f5 11. O-O Bd6 12. a3 Qd8 13. Bb5 Qf6 14. Rac1 a6 15. Bxc6 Bxc6 16. Rfe1 O-O 17. Ne2 Kh8 18. Nf4 Rg8 19. g3 Qe7 20. Ne5 Be8 21. Rc3 f6 22. Ned3 Bf7 23. Nc5 e5 24. Nfd3 Rac8 25. b4 Bh5 26. dxe5 fxe5 27. f4 e4 28. Nc1 Qf6 29. N1b3 b6 30. Na4 Rc4 31. Nd4 Bxf4 32. Rxc4 dxc4 33. exf4 Rd8 34. Qc3 Qxd4+ 35. Qxd4+ Rxd4 36. Kf2 Rd2+ 37. Ke3 Rd3+ 38. Kf2 Rf3+ 39. Kg1 b5 40. Nc5 Rxa3 41. Kf2 Rf3+ 42. Kg1 Bg4 43. Ne6 Bh5 44. Nd4 Ra3 45. Nxf5 Bf3 46. Kf2 a5 47. bxa5 b4 48. Ne3 Ra2+ 49. Kf1 c3 50. Nd5 Ra4 51. Rc1 e3 52. Nxe3 Rxa5 53. Kf2 Be4 54. Nd1 c2 55. Nb2 Ra2 56. Nc4 b3 57. Ke3 Bg6 58. g4 b2 

0-1

[Event "Hotel Montesano Open A"]
[Site "?"]
[Date "2005.08.15"]
[Round "?"]
[White "Lazarev, V"]
[Black "Estremera Panos, Sergio"]
[WhiteElo "2518"]
[BlackElo "2367"]
[Result "0-1"]

1. d4 Nf6 2. c4 e6 3. Nc3 Bb4 4. Qc2 O-O 5. a3 Bxc3+ 6. Qxc3 b6 7. Bg5 Bb7 8. e3 d6 9. Nf3 Nbd7 10. Nd2 Rc8 11. f3 c5 12. Be2 Qe7 13. b4 h6 14. Bh4 cxd4 15. Qxd4 e5 16. Qb2 Qe6 17. O-O Rc7 18. Rfc1 Rfc8 19. e4 Nh5 20. a4 Nf4 21. Bf1 Qg6 22. a5 bxa5 23. Rxa5 d5 24. exd5 Bxd5 25. Rca1 Bxc4 26. Bxc4 Rxc4 27. Nxc4 Rxc4 28. Ra6 Nb6 29. Bg3 Rc2 30. Qb3 Rxg2+ 31. Kh1 Rd2 32. Rd1 Qd6 33. Qb1 Qd5 34. Rf1 Qc4 35. Rxa7 Qe2 36. Rf2 Rd1+ 

0-1

[Event "Abierto"]
[Site "?"]
[Date "2007.12.24"]
[Round "?"]
[White "Lafuente, P"]
[Black "Estremera Panos, Sergio"]
[WhiteElo "2489"]
[BlackElo "2400"]
[Result "0-1"]

1. d4 Nf6 2. c4 e6 3. g3 c5 4. d5 exd5 5. cxd5 d6 6. Nc3 g6 7. Bg2 Bg7 8. Nf3 O-O 9. O-O a6 10. a4 Re8 11. a5 Nbd7 12. Re1 Rb8 13. e4 Ng4 14. Bg5 Qc7 15. Qc2 b5 16. axb6 Qxb6 17. Rab1 h6 18. Bf4 Nde5 19. Nxe5 Nxe5 20. b3 Bd7 21. h3 Qb4 22. Na2 Qa5 23. Kh1 Bb5 24. b4 cxb4 25. Bxe5 Bxe5 26. Rxb4 Rbc8 27. Qb3 Bc4 28. Qa4 Qxa4 29. Rxa4 Bb5 30. Ra3 Rc2 31. f4 Bb2 32. Ra5 Bd4 33. Nb4 Rb2 34. Nxa6 Bc3 35. Rxb5 Rxb5 36. Rc1 Bd4 37. h4 Rb2 38. e5 dxe5 39. d6 Rd8 40. Rc6 exf4 41. gxf4 Rb6 42. Rxb6 Bxb6 43. Nb4 Rxd6 44. Nd5 Kg7 45. Kh2 Bf2 46. h5 gxh5 47. Bf3 h4 48. Kh3 f5 49. Ne7 Kf6 50. Nd5+ Ke6 51. Nc7+ Kd7 52. Nd5 Rg6 53. Bg2 Rg3+ 54. Kh2 Ra3 55. Bh3 Kd6 56. Bg2 Bg3+ 57. Kh3 Bxf4+ 58. Kxh4 Bg5+ 59. Kh5 Rg3 

0-1

[Event "1st Artemis Cup"]
[Site "?"]
[Date "2009.07.15"]
[Round "?"]
[White "Boros, Denes"]
[Black "Estremera Panos, Sergio"]
[WhiteElo "2485"]
[BlackElo "2394"]
[Result "0-1"]

1. Nf3 Nf6 2. c4 e6 3. Nc3 d5 4. d4 Bb4 5. e3 O-O 6. Bd3 c5 7. O-O Nc6 8. a3 Bxc3 9. bxc3 Qc7 10. cxd5 exd5 11. Nh4 Ne7 12. Ra2 c4 13. Bb1 Ne4 14. f3 Nxc3 15. Qc2 Nxb1 16. Qxb1 g5 17. e4 gxh4 18. Bh6 Re8 19. Qc1 Qc6 20. Re2 Qg6 21. Rfe1 Bd7 22. Qf4 Rac8 23. Bg5 c3 24. Qxh4 c2 25. Rc1 Nc6 26. Bf6 Na5 27. Rexc2 Rxc2 28. Rxc2 Nc4 29. Rc3 Re6 30. e5 Rb6 31. Bg5 Rb2 32. g4 Qb6 33. Be3 Nxe3 34. Qg5+ Qg6 35. Qxe3 Bc6 36. h4 h6 37. Rc1 h5 38. Qf4 hxg4 39. fxg4 Bd7 40. e6 Bxe6 

0-1

[Event "EU-chT"]
[Site "?"]
[Date "1997.??.??"]
[Round "?"]
[White "Grabarczyk, Miroslaw"]
[Black "Estremera Panos, Sergio"]
[WhiteElo "2480"]
[BlackElo "2430"]
[Result "0-1"]

1. d4 Nf6 2. c4 e6 3. g3 c5 4. d5 exd5 5. cxd5 d6 6. Nc3 g6 7. Bg2 Bg7 8. Nf3 O-O 9. O-O Na6 10. h3 Nc7 11. a4 Re8 12. Re1 h6 13. e4 Nh7 14. Be3 Ng5 15. Nxg5 hxg5 16. Qd2 Bf6 17. f4 gxf4 18. gxf4 Rb8 19. Bf2 Bg7 20. Re2 b6 21. e5 Ba6 22. Ree1 dxe5 23. d6 exf4 24. Bc6 Rxe1+ 25. Rxe1 Ne6 26. Qd5 Qf6 27. d7 Rd8 28. Ne4 Qe7 29. Kh2 Bxb2 30. Bb7 Rxd7 31. Qc6 Rc7 

0-1

[Event "Benidorm op"]
[Site "?"]
[Date "1993.??.??"]
[Round "?"]
[White "Komljenovic, Davorin"]
[Black "Estremera Panos, Sergio"]
[WhiteElo "2475"]
[BlackElo "2330"]
[Result "0-1"]

1. c4 c5 2. Nc3 g6 3. g3 Bg7 4. Bg2 Nc6 5. Nf3 d6 6. O-O e5 7. a3 a5 8. d3 Nge7 9. Bd2 O-O 10. Rb1 Rb8 11. Ne1 Be6 12. Nc2 d5 13. cxd5 Nxd5 14. Ne3 Nxe3 15. fxe3 f5 16. e4 f4 17. gxf4 exf4 18. Rxf4 Be5 19. Rxf8+ Qxf8 20. Nd5 Qd6 21. h3 Rf8 22. Bh6 Rf7 23. e3 Qd7 24. b4 axb4 25. axb4 cxb4 26. d4 Bg7 27. Bxg7 Kxg7 28. Nf4 Ba2 29. Rb2 b3 30. Qd2 b6 31. e5 Rf5 32. Qc3 Rxf4 33. Bxc6 Qxh3 34. Bg2 Qg3 35. d5 Re4 36. e6+ Kh6 37. Qc1 Rxe3 38. Re2 b2 39. Rxb2 g5 40. Kf1 Bc4+ 

0-1

[Event "Nigran op"]
[Site "?"]
[Date "1996.??.??"]
[Round "?"]
[White "Dgebuadze, Alexandre"]
[Black "Estremera Panos, Sergio"]
[WhiteElo "2470"]
[BlackElo "2385"]
[Result "0-1"]

1. e4 c5 2. Nf3 Nc6 3. d4 cxd4 4. Nxd4 Nf6 5. Nc3 d6 6. Bc4 e6 7. Be3 Be7 8. Qe2 a6 9. O-O-O Qc7 10. Rhg1 Na5 11. Bd3 b5 12. g4 b4 13. Nb1 Nd7 14. Nd2 Nc5 15. Kb1 Bd7 16. f4 O-O 17. g5 Rfc8 18. f5 g6 19. f6 Bf8 20. Rc1 Nxd3 21. cxd3 Qb7 22. h4 e5 23. N4b3 Nxb3 24. Nxb3 Bb5 25. Rxc8 Rxc8 26. Rc1 Rxc1+ 27. Bxc1 d5 28. Qc2 dxe4 29. dxe4 Qd7 30. Ka1 Bd3 31. Nc5 Bxc2 32. Nxd7 Bd6 33. b3 Bxe4 34. Bb2 h6 35. Bxe5 Bxe5+ 36. Nxe5 hxg5 37. hxg5 Kf8 38. Nd7+ Ke8 39. Nc5 Bf3 40. Nxa6 Kd7 41. Nxb4 Ke6 42. Nc2 Be4 43. Nd4+ Ke5 44. Nb5 Kf4 45. Nd6 Bd5 46. b4 Kxg5 47. b5 Kxf6 48. b6 g5 49. b7 Bxb7 50. Nxb7 Ke5 51. Na5 g4 52. Nb3 g3 53. Nc1 f5 54. a4 g2 55. Ne2 f4 56. Ng1 Ke4 57. Kb2 f3 58. Nh3 Ke3 

0-1

[Event "6th Campionato Ue"]
[Site "?"]
[Date "2010.09.09"]
[Round "?"]
[White "Suba, Mihai"]
[Black "Estremera Panos, Sergio"]
[WhiteElo "2464"]
[BlackElo "2337"]
[Result "0-1"]

1. c4 Nf6 2. Nf3 e6 3. g3 d5 4. Bg2 dxc4 5. Qa4+ c6 6. Qxc4 b5 7. Qc3 Bb7 8. O-O Nbd7 9. d4 a6 10. a4 c5 11. Bg5 c4 12. Rd1 Be7 13. b3 cxb3 14. axb5 axb5 15. Nbd2 b2 16. Rab1 Ba3 17. e4 h6 18. Bxf6 Nxf6 19. Re1 O-O 20. Qb3 Qa5 21. Bf1 Rfc8 22. Rxb2 Bxb2 23. Qxb2 b4 24. Nc4 Rxc4 25. Bxc4 Nxe4 26. Ne5 Qa3 27. Qe2 Qc3 28. Rd1 Nd2 29. Bd3 Nf3+ 30. Nxf3 Bxf3 

0-1

[Event "23rd Abu Dhabi Masters"]
[Site "?"]
[Date "2016.08.27"]
[Round "?"]
[White "Das, Arghyadip"]
[Black "Estremera Panos, Sergio"]
[WhiteElo "2457"]
[BlackElo "2360"]
[Result "0-1"]

1. e4 e6 2. d4 d5 3. Nd2 c5 4. Ngf3 a6 5. exd5 exd5 6. dxc5 Bxc5 7. Bd3 Qe7+ 8. Qe2 Nc6 9. Nb3 Ba7 10. Bg5 Qxe2+ 11. Bxe2 h6 12. Bf4 Nf6 13. O-O O-O 14. c3 Re8 15. Rfe1 Bg4 16. h3 Bh5 17. g4 Re4 18. Bg3 Bg6 19. Bh4 Rae8 20. Bxf6 Rxe2 21. Bd4 Nxd4 22. Nbxd4 Bxd4 23. cxd4 f6 24. b3 Rb2 25. Nh4 Kh7 26. Nxg6 Rxe1+ 27. Rxe1 Kxg6 28. Re7 b5 29. Rd7 Rxa2 30. Rxd5 Rb2 31. Rd6 Rxb3 32. Rxa6 Rxh3 33. Ra7 Rd3 34. Rd7 b4 35. Kg2 b3 36. f3 h5 37. gxh5+ Kxh5 38. Rxg7 Rxd4 39. Rb7 Rd3 40. Kg3 Kg5 41. Rb5+ f5 42. Rb4 Rc3 43. Rb5 Rd3 44. Rb4 Rc3 45. Rb5 Kf6 46. Kf4 Ke6 47. Re5+ Kd6 48. Rb5 Kc6 49. Rb8 Kc5 50. Rc8+ Kb4 51. Rb8+ Ka3 52. Ra8+ Kb2 53. Rh8 Ka1 54. Ra8+ Kb1 55. Ra5 b2 

0-1

[Event "ESP-ch"]
[Site "?"]
[Date "2000.08.22"]
[Round "?"]
[White "Izeta Txabarri, Felix"]
[Black "Estremera Panos, Sergio"]
[WhiteElo "2456"]
[BlackElo "2364"]
[Result "0-1"]

1. d4 Nf6 2. c4 e6 3. Nc3 d5 4. Bg5 Nbd7 5. e3 c6 6. cxd5 exd5 7. Bd3 Be7 8. Qc2 O-O 9. Nge2 Re8 10. f3 Nf8 11. O-O-O Be6 12. g4 Rc8 13. Kb1 c5 14. h4 a6 15. Bf5 b5 16. dxc5 Rxc5 17. Qd3 N6d7 18. Bxe6 fxe6 19. f4 Rc4 20. Ng3 Nc5 21. Qd2 b4 22. Nce2 b3 23. Nc3 bxa2+ 24. Nxa2 Qb6 25. Qe2 Bxg5 26. hxg5 Rb8 27. f5 Rxg4 28. Rhg1 Rxg5 29. Nc3 Qb4 30. Qc2 Qb3 31. fxe6 Qxc2+ 32. Kxc2 Nfxe6 33. Nxd5 Na4 34. b4 a5 35. bxa5 Nb2 36. Rc1 Nc5 

0-1

[Event "Festival Internazionale - Open A"]
[Site "?"]
[Date "2008.10.28"]
[Round "?"]
[White "Bruno, Fabio"]
[Black "Estremera Panos, Sergio"]
[WhiteElo "2452"]
[BlackElo "2374"]
[Result "0-1"]

1. c4 Nf6 2. Nf3 e6 3. g3 d5 4. d4 Bb4+ 5. Nbd2 dxc4 6. Bg2 Nc6 7. O-O c3 8. Nc4 cxb2 9. Bxb2 O-O 10. Rb1 Nd5 11. Qc2 Nb6 12. Nce5 Nxe5 13. dxe5 Bd7 14. Rfc1 Bc6 15. Qb3 Be7 16. Rxc6 bxc6 17. Nd4 c5 18. Nc6 Qe8 19. Ba3 c4 20. Nxe7+ Qxe7 21. Bxe7 cxb3 22. Rxb3 Rad8 23. Bxd8 Rxd8 24. Rc3 Rd2 25. Rxc7 Rxa2 26. f4 g6 27. Kf2 a5 28. Rb7 Rb2 29. Ra7 a4 30. Bc6 Kf8 31. Ra6 Rb4 32. Ke1 h5 33. h4 Rb3 34. Kf2 a3 35. Ba4 Rb2 36. Bd1 a2 37. Ke1 Nc4 38. Ra8+ Kg7 39. Kf2 Rb1 40. Rxa2 Rxd1 41. Rc2 Rf1+ 

0-1

[Event "Open"]
[Site "?"]
[Date "2001.07.02"]
[Round "?"]
[White "Khamrakulov, I"]
[Black "Estremera Panos, Sergio"]
[WhiteElo "2451"]
[BlackElo "2405"]
[Result "0-1"]

1. e4 e5 2. Nf3 Nc6 3. d4 exd4 4. Nxd4 Bc5 5. Nxc6 Qf6 6. Qd2 dxc6 7. Nc3 Bd4 8. f4 Nh6 9. e5 Qh4+ 10. g3 Qd8 11. Ne4 Bf5 12. Bg2 Ng4 13. Qe2 Qd7 14. Bd2 O-O-O 15. Bc3 Ne3 16. Bf3 Bb6 17. h3 h5 18. Rc1 Be6 19. b3 Qe7 20. Bd2 Nf5 21. c3 Rh6 22. Kf1 Bd5 23. Kg2 Rg6 24. Ng5 Bxf3+ 25. Kxf3 f6 26. Qe4 

0-1

[Event "Cataluna-chT"]
[Site "?"]
[Date "1999.??.??"]
[Round "?"]
[White "Gonzalez Velez, Fermin"]
[Black "Estremera Panos, Sergio"]
[WhiteElo "2445"]
[BlackElo "2405"]
[Result "0-1"]

1. d4 d5 2. c4 dxc4 3. Nf3 Nf6 4. e3 e6 5. Bxc4 c5 6. O-O Nc6 7. Nc3 a6 8. Qe2 cxd4 9. exd4 Be7 10. Rd1 Na5 11. Bd3 O-O 12. Ne5 b5 13. Ne4 Bb7 14. Nc5 Bd5 15. Bg5 Nb7 16. Bxf6 Bxf6 17. Ncd7 Bxe5 18. Bxh7+ Kxh7 19. Nxf8+ Qxf8 20. dxe5 Kg8 21. Rdc1 Rc8 22. Rxc8 Qxc8 23. Qe3 Qc5 24. Qg5 Bc6 25. h4 Qd5 26. h5 f6 27. Qg6 Qxe5 28. Rc1 Qe4 29. Qg3 Nd8 30. h6 g5 31. Rd1 Bd5 32. f3 Qe3+ 33. Kh1 Qf4 34. Qf2 Qh4+ 35. Qxh4 gxh4 36. Rd4 h3 37. gxh3 Bxf3+ 38. Kh2 Bd5 39. b3 Nc6 40. Rd2 Kh7 41. Rf2 f5 42. Kg3 Kxh6 43. Kf4 Kg6 44. h4 e5+ 45. Kg3 f4+ 46. Kh2 Kf5 

0-1

[Event "Zaragoza op-A"]
[Site "?"]
[Date "1995.??.??"]
[Round "?"]
[White "Pogorelov, Ruslan"]
[Black "Estremera Panos, Sergio"]
[WhiteElo "2440"]
[BlackElo "2320"]
[Result "0-1"]

1. Nf3 Nf6 2. c4 b6 3. g3 e6 4. Bg2 Bb7 5. O-O Be7 6. Nc3 O-O 7. Re1 d5 8. cxd5 exd5 9. d4 Na6 10. Bg5 c5 11. Rc1 Re8 12. e3 Ne4 13. Bxe7 Qxe7 14. dxc5 Naxc5 15. a3 Qf6 16. Rc2 Rad8 17. Nb5 a6 18. Nbd4 b5 19. Qb1 Qb6 20. b4 Na4 21. Rec1 Nd6 22. Ng5 g6 23. Nc6 Nc4 24. Nxd8 Qxd8 25. Rxc4 dxc4 26. Nxf7 Kxf7 27. Bxb7 Qf6 28. Bd5+ Kg7 29. Qc2 Rd8 30. e4 Nb2 31. Qc3 Nd3 32. Rc2 g5 33. Kf1 Ne5 34. a4 g4 35. axb5 axb5 36. Ra2 Rf8 37. Qd4 Nd3 38. Ra7+ Kg6 39. Qxf6+ Rxf6 40. f4 gxf3 41. e5 Nxe5 42. Rb7 c3 43. Rxb5 Ng4 44. Be4+ Kh6 45. Rb7 Nxh2+ 46. Kf2 Ng4+ 47. Kf1 Ne3+ 48. Kf2 Nd1+ 49. Kf1 f2 50. Rxh7+ Kg5 51. Rg7+ Kh5 52. Rh7+ Kg4 53. Rg7+ Kh3 54. Rh7+ Kxg3 55. Rg7+ Kf4 56. Bc2 Ne3+ 57. Kxf2 Nxc2 58. Rb7 Ke4+ 59. Ke2 Nd4+ 60. Ke1 Kd3 

0-1

[Event "9th Cesenatico op"]
[Site "?"]
[Date "2004.09.10"]
[Round "?"]
[White "Mrdja, Milan"]
[Black "Estremera Panos, Sergio"]
[WhiteElo "2432"]
[BlackElo "2341"]
[Result "0-1"]

1. e4 e5 2. Nf3 Nc6 3. Bb5 a6 4. Ba4 Nf6 5. O-O Nxe4 6. d4 b5 7. Bb3 d5 8. dxe5 Be6 9. c3 Be7 10. Nbd2 Nc5 11. Bc2 Bg4 12. h3 Bh5 13. Nb3 Nxe5 14. g4 Nxf3+ 15. Qxf3 Bg6 16. Bxg6 hxg6 17. Nxc5 Bxc5 18. Re1+ Kf8 19. Re5 c6 20. Re6 Rxh3 21. Qxh3 fxe6 22. Bf4 Kg8 23. Be5 Qg5 24. Qg3 Rf8 25. Rf1 Qd2 26. Bd6 Bxd6 27. Qxd6 Qe2 28. f3 Rxf3 29. Rxf3 Qxf3 30. Qxe6+ Kh7 31. Qxc6 Qxg4+ 32. Kf2 Qf4+ 33. Ke1 Qc1+ 34. Ke2 Qxb2+ 35. Kd3 Qxa2 36. Qe6 Qc4+ 37. Kd2 Qf4+ 

0-1

[Event "Chambery France, Closed GM"]
[Site "?"]
[Date "2014.07.30"]
[Round "?"]
[White "Moussard, Jules"]
[Black "Estremera Panos, Sergio"]
[WhiteElo "2423"]
[BlackElo "2345"]
[Result "0-1"]

1. e4 e5 2. Nf3 Nc6 3. Bb5 a6 4. Ba4 Nf6 5. O-O Nxe4 6. d4 b5 7. Bb3 d5 8. dxe5 Be6 9. c3 Be7 10. Be3 Nc5 11. Nd4 Nxe5 12. Nxe6 fxe6 13. Bc2 O-O 14. Qh5 Ng6 15. Nd2 Qd6 16. Nf3 Bf6 17. Bxc5 Qxc5 18. Rae1 Rae8 19. Re4 Rf7 20. Rfe1 Qd6 21. Rg4 Nf8 22. Ne5 Bxe5 23. Rxe5 Ree7 24. Re3 Rf6 25. Rgg3 Ref7 26. Qe2 h6 27. f3 c5 28. Rg4 Rf4 29. Rxf4 Qxf4 30. Bd3 c4 31. Bc2 d4 32. cxd4 Qxd4 33. Kf2 Rd7 34. Ke1 Qd6 35. g3 Qb4+ 36. Rc3 Qc5 37. Re3 Rd6 38. a3 a5 39. Kf1 Qd4 40. a4 b4 41. Re4 Qxb2 42. Rxc4 Qc1+ 43. Qe1 Qa3 44. Qe2 b3 45. Bb1 Qa1 46. Qe1 Qb2 47. Kg1 Rd2 48. Rc8 Qd4+ 

0-1

[Event "8th ch-Euro"]
[Site "?"]
[Date "2007.04.11"]
[Round "?"]
[White "Zueger, Beat"]
[Black "Estremera Panos, Sergio"]
[WhiteElo "2415"]
[BlackElo "2386"]
[Result "0-1"]

1. d4 Nf6 2. c4 c5 3. d5 b5 4. cxb5 a6 5. b6 g6 6. Nc3 d6 7. Qb3 Bb7 8. a4 a5 9. e4 Bg7 10. Nb5 Na6 11. Na7 Nb4 12. Bb5+ Nd7 13. Nc6 Qxb6 14. Nxb4 axb4 15. Nf3 Ba6 16. Bc6 Ra7 17. a5 Qc7 18. h4 h5 19. Ng5 O-O 20. f4 c4 21. Qxb4 c3 22. e5 cxb2 23. Bxb2 Rb8 24. Qa3 Nc5 25. exd6 exd6 26. Bxg7 Rb3 27. Qa2 Kxg7 28. Kf2 Qe7 29. Qd2 Qf6 30. Ra2 Re7 31. g3 Re2+ 32. Qxe2 Qd4+ 33. Kf1 Bxe2+ 34. Rxe2 Qd1+ 35. Re1 Qd3+ 

0-1

[Event "Nigran op"]
[Site "?"]
[Date "1996.??.??"]
[Round "?"]
[White "Mollov, Ergin"]
[Black "Estremera Panos, Sergio"]
[WhiteElo "2410"]
[BlackElo "2385"]
[Result "0-1"]

1. d4 Nf6 2. c4 e6 3. Nf3 b6 4. g3 Bb7 5. Bg2 Be7 6. Nc3 O-O 7. O-O Ne4 8. Bd2 f5 9. d5 Na6 10. Rc1 Bf6 11. Ne1 Nac5 12. b4 Nxc3 13. Bxc3 Ne4 14. Bxf6 Qxf6 15. Qd3 Qb2 16. Nc2 Qxa2 17. Ra1 Qb2 18. Bxe4 fxe4 19. Qxe4 Qb3 20. Ne3 Qxb4 21. Qe5 Qc5 22. Rfd1 a6 23. Rd4 Rae8 24. Rh4 exd5 25. Qh5 h6 26. Nf5 Re6 27. Rg4 Kh8 28. Rd1 Rxf5 29. Qxf5 Rf6 30. Qe5 Qxf2+ 31. Kh1 d4+ 

0-1

[Event "Chambery France, Closed GM"]
[Site "?"]
[Date "2014.07.26"]
[Round "?"]
[White "Valles, Manuel"]
[Black "Estremera Panos, Sergio"]
[WhiteElo "2398"]
[BlackElo "2345"]
[Result "0-1"]

1. c4 e6 2. Nc3 d5 3. d4 Bb4 4. e3 Nf6 5. Bd3 c5 6. cxd5 exd5 7. a3 Bxc3+ 8. bxc3 O-O 9. Ne2 b6 10. O-O Ba6 11. dxc5 bxc5 12. Bxa6 Nxa6 13. c4 dxc4 14. Qa4 Qd3 15. Nf4 Qc3 16. Rb1 Rab8 17. Rxb8 Nxb8 18. Qxa7 Nbd7 19. Nd5 Nxd5 20. Qxd7 Qd3 21. Bb2 Nf4 22. Qxd3 Nxd3 23. Bc3 Rb8 24. a4 Rb3 

0-1